[Event "Classic Open"]
[Site "Estonia Resort Hotel & Spa conference center, Parnu, EE"]
[Date "2025.08.11"]
[Round "1"]
[White "Kostov, Deyan Samuil"]
[Black "Rosenboom, Niko"]
[Result "1-0"]
[Board "10"]
[WhiteFideId "30909015"]
[BlackFideId "34601880"]
[WhiteTitle "FM"]
[WhiteElo "2368"]
[BlackElo "2030"]
[WhiteTeam "BUL"]
[BlackTeam "GER"]
[WhiteClock "0:05:23"]
[BlackClock "0:00:40"]
[Variant "Standard"]

1. d4 {[%clk 1:30:55]}  d5 {[%clk 1:30:51]} 2. c4 {[%clk 1:31:19]}  e6 {[%clk 1:31:17]} 3. Nc3 {[%clk 1:31:44]}  Nf6 {[%clk 1:31:35]} 4. cxd5 {[%clk 1:32:04]}  exd5 {[%clk 1:31:58]} 5. Bg5 {[%clk 1:32:27]}  c6 {[%clk 1:31:54]} 6. e3 {[%clk 1:32:14]}  h6 {[%clk 1:32:11]} 7. Bh4 {[%clk 1:32:20]}  Be7 {[%clk 1:32:26]} 8. Bd3 {[%clk 1:32:44]}  O-O {[%clk 1:32:43]} 9. Nge2 {[%clk 1:32:44]}  Ne8 {[%clk 1:32:23]} 10. Bg3 {[%clk 1:30:25]}  Nd6 {[%clk 1:30:55]} 11. Qc2 {[%clk 1:29:37]}  Re8 {[%clk 1:30:58]} 12. O-O {[%clk 1:29:14]}  Bf8 {[%clk 1:30:19]} 13. Rae1 {[%clk 1:26:17]}  a5 {[%clk 1:29:49]} 14. Bf4 {[%clk 1:21:35]}  Na6 {[%clk 1:29:08]} 15. a3 {[%clk 1:21:05]}  Bd7 {[%clk 1:17:38]} 16. f3 {[%clk 1:17:12]}  Rc8 {[%clk 0:48:50]} 17. e4 {[%clk 1:01:23]}  c5 {[%clk 0:46:13]} 18. Qd2 {[%clk 0:36:31]}  dxe4 {[%clk 0:43:16]} 19. fxe4 {[%clk 0:36:24]}  cxd4 {[%clk 0:42:08]} 20. Nxd4 {[%clk 0:36:34]}  Nc5 {[%clk 0:39:48]} 21. Bb1 {[%clk 0:34:38]}  Nc4 {[%clk 0:34:48]} 22. Qf2 {[%clk 0:30:36]}  Ne6 {[%clk 0:25:54]} 23. Nxe6 {[%clk 0:23:02]}  Bxe6 {[%clk 0:23:22]} 24. Kh1 {[%clk 0:22:39]}  Qb6 {[%clk 0:13:57]} 25. Qxb6 {[%clk 0:13:44]}  Nxb6 {[%clk 0:14:20]} 26. Rc1 {[%clk 0:08:16]}  Nc4 {[%clk 0:13:09]} 27. Nd5 {[%clk 0:07:03]}  Bxd5 {[%clk 0:09:05]} 28. exd5 {[%clk 0:07:31]}  g5 {[%clk 0:09:06]} 29. Bg3 {[%clk 0:06:53]}  Ne3 {[%clk 0:08:22]} 30. Rxc8 {[%clk 0:06:59]}  Rxc8 {[%clk 0:08:47]} 31. Re1 {[%clk 0:07:22]}  Nxd5 {[%clk 0:07:16]} 32. Be4 {[%clk 0:07:48]}  Rc5 {[%clk 0:04:40]} 33. h3 {[%clk 0:05:56]}  b6 {[%clk 0:03:11]} 34. Bf2 {[%clk 0:04:26]}  Rb5 {[%clk 0:03:32]} 35. Bd4 {[%clk 0:04:25]}  Nf4 {[%clk 0:03:38]} 36. Bc6 {[%clk 0:03:34]}  Rb3 {[%clk 0:03:27]} 37. Re8 {[%clk 0:03:16]}  f5 {[%clk 0:00:34]} 38. Bc3 {[%clk 0:02:44]}  Kf7 {[%clk 0:00:49]} 39. Rb8 {[%clk 0:02:53]}  Bxa3 {[%clk 0:00:32]} 40. Ba4 {[%clk 0:02:46]}  Rxb2 {[%clk 0:00:32]} 41. Bxb2 {[%clk 0:02:57]}  Bxb2 {[%clk 0:00:56]} 42. Rb7+ {[%clk 0:03:14]}  Kg6 {[%clk 0:00:31]} 43. Rxb6+ {[%clk 0:02:23]}  Bf6 {[%clk 0:00:54]} 44. Ra6 {[%clk 0:02:19]}  Nd5 {[%clk 0:00:31]} 45. Rxa5 {[%clk 0:02:27]}  Ne3 {[%clk 0:00:44]} 46. Ra6 {[%clk 0:02:23]}  h5 {[%clk 0:00:50]} 47. Be8+ {[%clk 0:02:48]}  Kg7 {[%clk 0:00:52]} 48. Bxh5 {[%clk 0:03:08]}  f4 {[%clk 0:00:52]} 49. Be2 {[%clk 0:02:39]}  Nf5 {[%clk 0:01:03]} 50. Bd3 {[%clk 0:03:01]}  Ng3+ {[%clk 0:00:35]} 51. Kg1 {[%clk 0:03:15]}  Bd4+ {[%clk 0:00:37]} 52. Kh2 {[%clk 0:03:44]}  Bf6 {[%clk 0:00:47]} 53. Ra7+ {[%clk 0:03:56]}  Kf8 {[%clk 0:00:54]} 54. Ra4 {[%clk 0:04:09]}  Be5 {[%clk 0:00:50]} 55. Kg1 {[%clk 0:04:35]}  Ke7 {[%clk 0:00:50]} 56. Kf2 {[%clk 0:05:02]}  Ke6 {[%clk 0:01:05]} 57. Kf3 {[%clk 0:05:26]}  Nf5 {[%clk 0:00:32]} 58. Bxf5+ {[%clk 0:05:42]}  Kxf5 {[%clk 0:00:57]} 59. Ra5 {[%clk 0:06:09]}  Ke6 {[%clk 0:00:40]} 60. Ke4 {[%clk 0:05:23]} 1-0

[Event "Classic Open"]
[Site "Estonia Resort Hotel & Spa conference center, Parnu, EE"]
[Date "2025.08.11"]
[Round "1"]
[White "Uibokant, Mathias Robert"]
[Black "Sharan, Rao"]
[Result "0-1"]
[Board "11"]
[WhiteFideId "4505980"]
[BlackFideId "5073464"]
[BlackTitle "IM"]
[WhiteElo "2003"]
[BlackElo "2365"]
[WhiteTeam "EST"]
[BlackTeam "IND"]
[WhiteClock "0:02:14"]
[BlackClock "0:30:51"]
[Variant "Standard"]

1. d4 {[%clk 1:30:49]}  Nf6 {[%clk 1:30:40]} 2. Bf4 {[%clk 1:30:48]}  d5 {[%clk 1:31:03]} 3. e3 {[%clk 1:30:45]}  c5 {[%clk 1:31:09]} 4. Nf3 {[%clk 1:30:12]}  Nc6 {[%clk 1:31:33]} 5. Nbd2 {[%clk 1:30:14]}  cxd4 {[%clk 1:31:56]} 6. exd4 {[%clk 1:30:27]}  g6 {[%clk 1:32:19]} 7. c3 {[%clk 1:29:50]}  Bg7 {[%clk 1:32:44]} 8. Bd3 {[%clk 1:26:27]}  O-O {[%clk 1:33:06]} 9. O-O {[%clk 1:26:46]}  Bf5 {[%clk 1:33:31]} 10. Qb1 {[%clk 1:20:43]}  e6 {[%clk 1:33:15]} 11. h3 {[%clk 1:18:37]}  b5 {[%clk 1:31:42]} 12. Ne5 {[%clk 1:14:38]}  Nxe5 {[%clk 1:26:56]} 13. Bxe5 {[%clk 1:14:11]}  Qb6 {[%clk 1:24:38]} 14. a3 {[%clk 0:51:49]}  a5 {[%clk 1:24:04]} 15. g4 {[%clk 0:52:12]}  Bxd3 {[%clk 1:22:32]} 16. Qxd3 {[%clk 0:51:44]}  Nd7 {[%clk 1:17:41]} 17. Bxg7 {[%clk 0:51:11]}  Kxg7 {[%clk 1:18:08]} 18. Rfe1 {[%clk 0:45:56]}  b4 {[%clk 1:14:14]} 19. c4 {[%clk 0:41:01]}  dxc4 {[%clk 1:13:57]} 20. Nxc4 {[%clk 0:40:10]}  Qb7 {[%clk 1:13:43]} 21. Rad1 {[%clk 0:34:34]}  Nf6 {[%clk 1:10:29]} 22. Re5 {[%clk 0:33:55]}  Nd5 {[%clk 1:08:36]} 23. Qf3 {[%clk 0:31:56]}  bxa3 {[%clk 1:07:25]} 24. bxa3 {[%clk 0:31:05]}  a4 {[%clk 1:04:30]} 25. Ne3 {[%clk 0:29:57]}  Qb3 {[%clk 0:59:18]} 26. Rd3 {[%clk 0:30:15]}  Qa2 {[%clk 0:50:14]} 27. Nxd5 {[%clk 0:29:32]}  exd5 {[%clk 0:50:42]} 28. g5 {[%clk 0:27:22]}  Kg8 {[%clk 0:50:53]} 29. h4 {[%clk 0:18:41]}  Rab8 {[%clk 0:49:04]} 30. h5 {[%clk 0:18:09]}  gxh5 {[%clk 0:37:33]} 31. Qxh5 {[%clk 0:13:46]}  Rb3 {[%clk 0:36:51]} 32. Rh3 {[%clk 0:11:18]}  Rxh3 {[%clk 0:36:07]} 33. Qxh3 {[%clk 0:11:42]}  Qa1+ {[%clk 0:36:33]} 34. Kg2 {[%clk 0:11:34]}  Qxd4 {[%clk 0:36:57]} 35. Qf5 {[%clk 0:11:58]}  Rd8 {[%clk 0:34:34]} 36. Kg3 {[%clk 0:05:13]}  Qb6 {[%clk 0:31:20]} 37. Re7 {[%clk 0:00:48]}  Qd6+ {[%clk 0:31:23]} 38. Qe5 {[%clk 0:01:15]}  Qxe5+ {[%clk 0:30:11]} 39. Rxe5 {[%clk 0:01:41]}  d4 {[%clk 0:30:37]} 40. f4 {[%clk 0:00:57]}  d3 {[%clk 0:30:02]} 41. Re1 {[%clk 0:01:22]}  d2 {[%clk 0:30:28]} 42. Rd1 {[%clk 0:01:46]}  Kg7 {[%clk 0:30:41]} 43. f5 {[%clk 0:01:08]}  f6 {[%clk 0:30:24]} 44. g6 {[%clk 0:00:58]}  hxg6 {[%clk 0:30:21]} 45. fxg6 {[%clk 0:01:25]}  Kxg6 {[%clk 0:30:41]} 46. Kf2 {[%clk 0:01:48]}  Kf5 {[%clk 0:31:05]} 47. Ke2 {[%clk 0:02:14]}  Ke5 {[%clk 0:30:51]} 0-1

[Event "Classic Open"]
[Site "Estonia Resort Hotel & Spa conference center, Parnu, EE"]
[Date "2025.08.12"]
[Round "2"]
[White "Kazakouski, Valery"]
[Black "Tolmacevs,Artjoms"]
[Result "1-0"]
[Board "1"]
[WhiteFideId "13507443"]
[BlackFideId "11617519"]
[WhiteTitle "GM"]
[WhiteElo "2584"]
[BlackElo "2258"]
[WhiteTeam "LTU"]
[BlackTeam "LAT"]
[WhiteClock "0:13:57"]
[BlackClock "0:02:10"]
[Variant "Standard"]

1. d4 {[%clk 1:30:01]}  Nf6 {[%clk 1:30:49]} 2. c4 {[%clk 1:30:25]}  c5 {[%clk 1:31:13]} 3. d5 {[%clk 1:30:49]}  e6 {[%clk 1:31:37]} 4. Nc3 {[%clk 1:31:14]}  exd5 {[%clk 1:32:02]} 5. cxd5 {[%clk 1:31:41]}  d6 {[%clk 1:32:24]} 6. e4 {[%clk 1:32:06]}  g6 {[%clk 1:32:42]} 7. f4 {[%clk 1:32:30]}  Bg7 {[%clk 1:32:00]} 8. Bb5+ {[%clk 1:32:53]}  Nfd7 {[%clk 1:32:24]} 9. Bd3 {[%clk 1:33:18]}  O-O {[%clk 1:28:54]} 10. Nf3 {[%clk 1:32:48]}  Re8 {[%clk 1:24:15]} 11. O-O {[%clk 1:33:06]}  Na6 {[%clk 1:16:35]} 12. Re1 {[%clk 1:30:52]}  Nc7 {[%clk 1:07:46]} 13. a4 {[%clk 1:28:27]}  a6 {[%clk 1:04:10]} 14. Be3 {[%clk 1:27:54]}  Rb8 {[%clk 0:59:20]} 15. Bf2 {[%clk 1:27:49]}  b5 {[%clk 0:50:27]} 16. e5 {[%clk 1:25:24]}  dxe5 {[%clk 0:44:21]} 17. Bh4 {[%clk 1:12:42]}  Bf6 {[%clk 0:44:04]} 18. d6 {[%clk 1:12:02]}  Na8 {[%clk 0:43:12]} 19. Bxf6 {[%clk 1:01:52]}  Qxf6 {[%clk 0:43:34]} 20. Ne4 {[%clk 0:49:29]}  Qxf4 {[%clk 0:37:45]} 21. Nfg5 {[%clk 0:44:23]}  Qh4 {[%clk 0:24:49]} 22. axb5 {[%clk 0:43:51]}  axb5 {[%clk 0:24:41]} 23. Re3 {[%clk 0:39:26]}  Bb7 {[%clk 0:20:23]} 24. Rh3 {[%clk 0:27:24]}  Qf4 {[%clk 0:20:47]} 25. Rf3 {[%clk 0:27:28]}  Qh4 {[%clk 0:19:35]} 26. g3 {[%clk 0:23:03]}  Qh6 {[%clk 0:17:24]} 27. Nxf7 {[%clk 0:21:46]}  Qh5 {[%clk 0:12:40]} 28. Nfg5 {[%clk 0:19:16]}  h6 {[%clk 0:08:22]} 29. Nh7 {[%clk 0:14:30]}  Kg7 {[%clk 0:04:39]} 30. Qf1 {[%clk 0:13:50]}  Bd5 {[%clk 0:02:10]} 31. Ra7 {[%clk 0:13:57]} 1-0

[Event "Classic Open"]
[Site "Estonia Resort Hotel & Spa conference center, Parnu, EE"]
[Date "2025.08.12"]
[Round "2"]
[White "Lahdelma, Henri"]
[Black "Bogner, Sebastian"]
[Result "0-1"]
[Board "2"]
[WhiteFideId "510394"]
[BlackFideId "4692055"]
[WhiteTitle "FM"]
[BlackTitle "GM"]
[WhiteElo "2247"]
[BlackElo "2552"]
[WhiteTeam "FIN"]
[BlackTeam "SUI"]
[WhiteClock "0:18:04"]
[BlackClock "0:04:02"]
[Variant "Standard"]

1. d4 {[%clk 1:28:07]}  Nf6 {[%clk 1:30:55]} 2. c4 {[%clk 1:28:29]}  e6 {[%clk 1:31:21]} 3. Nc3 {[%clk 1:28:40]}  Bb4 {[%clk 1:31:46]} 4. Nf3 {[%clk 1:28:57]}  d5 {[%clk 1:31:54]} 5. Qa4+ {[%clk 1:27:14]}  Nc6 {[%clk 1:32:19]} 6. e3 {[%clk 1:27:26]}  O-O {[%clk 1:32:39]} 7. Bd3 {[%clk 1:24:59]}  dxc4 {[%clk 1:27:23]} 8. Bxc4 {[%clk 1:21:55]}  Bd6 {[%clk 1:27:29]} 9. O-O {[%clk 1:21:26]}  e5 {[%clk 1:25:29]} 10. d5 {[%clk 1:08:02]}  Ne7 {[%clk 1:23:26]} 11. h3 {[%clk 1:06:35]}  e4 {[%clk 1:00:09]} 12. Nd2 {[%clk 1:04:12]}  Bf5 {[%clk 0:58:03]} 13. Qc2 {[%clk 0:55:54]}  c6 {[%clk 0:47:01]} 14. dxc6 {[%clk 0:55:05]}  Nxc6 {[%clk 0:47:24]} 15. Rd1 {[%clk 0:48:53]}  Qe7 {[%clk 0:43:33]} 16. Nb5 {[%clk 0:46:22]}  Bb8 {[%clk 0:40:48]} 17. Nf1 {[%clk 0:46:20]}  Rc8 {[%clk 0:36:09]} 18. Qe2 {[%clk 0:36:49]}  Bg6 {[%clk 0:32:13]} 19. b3 {[%clk 0:35:13]}  Bh5 {[%clk 0:22:14]} 20. g4 {[%clk 0:34:39]}  Nxg4 {[%clk 0:21:04]} 21. hxg4 {[%clk 0:31:12]}  Qg5 {[%clk 0:21:33]} 22. f4 {[%clk 0:27:59]}  exf3 {[%clk 0:21:03]} 23. Qxf3 {[%clk 0:28:22]}  Ne5 {[%clk 0:18:43]} 24. Qf4 {[%clk 0:27:16]}  Qg6 {[%clk 0:17:00]} 25. Rd5 {[%clk 0:20:31]}  Nxc4 {[%clk 0:12:52]} 26. Qg5 {[%clk 0:20:49]}  Be5 {[%clk 0:11:55]} 27. Rxe5 {[%clk 0:20:19]}  Nxe5 {[%clk 0:11:55]} 28. Qxh5 {[%clk 0:20:32]}  Nf3+ {[%clk 0:08:42]} 29. Kg2 {[%clk 0:17:59]}  Qf6 {[%clk 0:04:17]} 30. Rb1 {[%clk 0:17:36]}  Rc2+ {[%clk 0:03:46]} 31. Kg3 {[%clk 0:17:52]}  Ng5 {[%clk 0:03:40]} 32. Nd2 {[%clk 0:17:35]}  Rxd2 {[%clk 0:03:33]} 33. Bxd2 {[%clk 0:17:59]}  Ne4+ {[%clk 0:04:00]} 34. Kh3 {[%clk 0:18:03]}  Qf3+ {[%clk 0:04:24]} 35. Kh4 {[%clk 0:18:04]}  Qg3# {[%clk 0:04:02]} 0-1

[Event "Classic Open"]
[Site "Estonia Resort Hotel & Spa conference center, Parnu, EE"]
[Date "2025.08.12"]
[Round "2"]
[White "Meshkovs, Nikita"]
[Black "Rychagov, Nikita"]
[Result "1-0"]
[Board "3"]
[WhiteFideId "11602740"]
[BlackFideId "4508394"]
[WhiteTitle "GM"]
[BlackTitle "CM"]
[WhiteElo "2547"]
[BlackElo "2240"]
[WhiteTeam "LAT"]
[BlackTeam "EST"]
[WhiteClock "0:36:16"]
[BlackClock "0:40:59"]
[Variant "Standard"]

1. c4 {[%clk 1:30:58]}  e5 {[%clk 1:30:53]} 2. Nc3 {[%clk 1:31:19]}  Nf6 {[%clk 1:31:19]} 3. Nf3 {[%clk 1:30:56]}  Nc6 {[%clk 1:31:45]} 4. e4 {[%clk 1:31:07]}  Bb4 {[%clk 1:31:37]} 5. d3 {[%clk 1:31:15]}  d6 {[%clk 1:31:55]} 6. Be2 {[%clk 1:31:37]}  a5 {[%clk 1:28:53]} 7. O-O {[%clk 1:29:10]}  Bc5 {[%clk 1:19:49]} 8. h3 {[%clk 1:24:02]}  h6 {[%clk 1:18:48]} 9. Be3 {[%clk 1:24:02]}  O-O {[%clk 1:14:10]} 10. d4 {[%clk 1:12:33]}  exd4 {[%clk 1:14:31]} 11. Nxd4 {[%clk 1:13:01]}  Nxd4 {[%clk 1:14:53]} 12. Bxd4 {[%clk 1:13:19]}  Nd7 {[%clk 1:11:59]} 13. Re1 {[%clk 0:57:22]}  b6 {[%clk 1:07:15]} 14. Bxc5 {[%clk 0:54:44]}  Nxc5 {[%clk 1:07:11]} 15. e5 {[%clk 0:54:29]}  dxe5 {[%clk 1:05:24]} 16. Bf3 {[%clk 0:54:58]}  Bb7 {[%clk 1:05:22]} 17. Bxb7 {[%clk 0:55:16]}  Nxb7 {[%clk 1:05:27]} 18. Rxe5 {[%clk 0:55:44]}  Nc5 {[%clk 0:57:15]} 19. Nd5 {[%clk 0:54:11]}  Kh8 {[%clk 0:56:05]} 20. Qg4 {[%clk 0:48:30]}  Qd6 {[%clk 0:54:06]} 21. Re3 {[%clk 0:45:13]}  Rae8 {[%clk 0:44:04]} 22. Rae1 {[%clk 0:39:58]}  Re6 {[%clk 0:41:26]} 23. Nf4 {[%clk 0:36:10]}  Rxe3 {[%clk 0:41:41]} 24. Rxe3 {[%clk 0:36:38]}  Qd4 {[%clk 0:40:59]} 25. Ng6+ {[%clk 0:36:16]} 1-0

[Event "Classic Open"]
[Site "Estonia Resort Hotel & Spa conference center, Parnu, EE"]
[Date "2025.08.12"]
[Round "2"]
[White "Haitin, Ilja"]
[Black "Keinanen, Toivo"]
[Result "1/2-1/2"]
[Board "4"]
[WhiteFideId "4501764"]
[BlackFideId "509825"]
[WhiteTitle "FM"]
[BlackTitle "IM"]
[WhiteElo "2239"]
[BlackElo "2517"]
[WhiteTeam "EST"]
[BlackTeam "FIN"]
[WhiteClock "0:01:16"]
[BlackClock "0:01:32"]
[Variant "Standard"]

1. e4 {[%clk 1:22:46]}  e6 {[%clk 1:29:26]} 2. d4 {[%clk 1:23:13]}  d5 {[%clk 1:29:52]} 3. Bd3 {[%clk 1:23:41]}  dxe4 {[%clk 1:26:01]} 4. Bxe4 {[%clk 1:24:08]}  Nf6 {[%clk 1:26:25]} 5. Bf3 {[%clk 1:24:34]}  Bd6 {[%clk 1:23:23]} 6. Ne2 {[%clk 1:17:17]}  Nbd7 {[%clk 1:23:06]} 7. O-O {[%clk 1:12:20]}  O-O {[%clk 1:23:17]} 8. Ng3 {[%clk 1:11:48]}  Re8 {[%clk 1:11:20]} 9. Nd2 {[%clk 1:04:50]}  c6 {[%clk 0:50:09]} 10. c4 {[%clk 0:43:54]}  Bxg3 {[%clk 0:28:25]} 11. hxg3 {[%clk 0:42:19]}  e5 {[%clk 0:28:32]} 12. Nb3 {[%clk 0:35:27]}  exd4 {[%clk 0:24:57]} 13. Qxd4 {[%clk 0:24:53]}  Ne5 {[%clk 0:22:55]} 14. Qxd8 {[%clk 0:22:26]}  Rxd8 {[%clk 0:21:39]} 15. Be2 {[%clk 0:21:28]}  Bf5 {[%clk 0:12:17]} 16. Be3 {[%clk 0:16:29]}  Bd3 {[%clk 0:08:42]} 17. Bxd3 {[%clk 0:16:27]}  Nxd3 {[%clk 0:09:09]} 18. Bd4 {[%clk 0:15:20]}  a5 {[%clk 0:00:40]} 19. a4 {[%clk 0:11:36]}  b5 {[%clk 0:01:07]} 20. cxb5 {[%clk 0:08:08]}  cxb5 {[%clk 0:01:36]} 21. Rfd1 {[%clk 0:01:27]}  bxa4 {[%clk 0:01:42]} 22. Bxf6 {[%clk 0:01:12]}  gxf6 {[%clk 0:01:50]} 23. Rxa4 {[%clk 0:01:24]}  Nxb2 {[%clk 0:01:31]} 24. Rxd8+ {[%clk 0:01:34]}  Rxd8 {[%clk 0:02:00]} 25. Rxa5 {[%clk 0:01:35]}  Rd1+ {[%clk 0:01:30]} 26. Kh2 {[%clk 0:02:04]}  Nd3 {[%clk 0:01:50]} 27. f3 {[%clk 0:01:46]}  Ne5 {[%clk 0:01:35]} 28. g4 {[%clk 0:01:16]}  Kg7 {[%clk 0:01:32]} 1/2-1/2

[Event "Classic Open"]
[Site "Estonia Resort Hotel & Spa conference center, Parnu, EE"]
[Date "2025.08.12"]
[Round "2"]
[White "Laurusas, Tomas"]
[Black "Adamovics, Aleksejs"]
[Result "1-0"]
[Board "5"]
[WhiteFideId "12803731"]
[BlackFideId "11622075"]
[WhiteTitle "GM"]
[WhiteElo "2500"]
[BlackElo "2183"]
[WhiteTeam "LTU"]
[BlackTeam "LAT"]
[WhiteClock "0:27:36"]
[BlackClock "0:36:21"]
[Variant "Standard"]

1. d4 {[%clk 1:30:57]}  d5 {[%clk 1:28:41]} 2. c4 {[%clk 1:31:15]}  e6 {[%clk 1:29:03]} 3. Nc3 {[%clk 1:30:20]}  Be7 {[%clk 1:29:06]} 4. cxd5 {[%clk 1:28:11]}  exd5 {[%clk 1:29:33]} 5. Bf4 {[%clk 1:28:18]}  c6 {[%clk 1:29:38]} 6. e3 {[%clk 1:28:36]}  Bf5 {[%clk 1:29:57]} 7. Nge2 {[%clk 1:24:04]}  Nd7 {[%clk 1:29:44]} 8. h3 {[%clk 1:21:36]}  Be6 {[%clk 1:21:18]} 9. Bh2 {[%clk 1:18:45]}  Ngf6 {[%clk 1:12:29]} 10. Nf4 {[%clk 1:11:09]}  Nb6 {[%clk 1:06:15]} 11. Bd3 {[%clk 1:06:06]}  Qd7 {[%clk 1:02:53]} 12. g4 {[%clk 0:58:42]}  g6 {[%clk 0:56:35]} 13. Qc2 {[%clk 0:49:29]}  Bd6 {[%clk 0:49:18]} 14. O-O-O {[%clk 0:45:55]}  O-O {[%clk 0:47:14]} 15. Kb1 {[%clk 0:44:43]}  a5 {[%clk 0:39:59]} 16. f3 {[%clk 0:42:36]}  Ne8 {[%clk 0:37:23]} 17. h4 {[%clk 0:33:16]}  Ng7 {[%clk 0:37:12]} 18. h5 {[%clk 0:30:40]}  Qc7 {[%clk 0:36:11]} 19. hxg6 {[%clk 0:27:44]}  fxg6 {[%clk 0:36:21]} 20. Bxg6 {[%clk 0:27:36]} 1-0

[Event "Classic Open"]
[Site "Estonia Resort Hotel & Spa conference center, Parnu, EE"]
[Date "2025.08.12"]
[Round "2"]
[White "Shalamberidze, Akaki"]
[Black "Poetsch, Hagen"]
[Result "1/2-1/2"]
[Board "6"]
[WhiteFideId "13600532"]
[BlackFideId "24615137"]
[WhiteTitle "IM"]
[BlackTitle "GM"]
[WhiteElo "2193"]
[BlackElo "2479"]
[WhiteTeam "GEO"]
[BlackTeam "GER"]
[WhiteClock "0:01:18"]
[BlackClock "0:04:57"]
[Variant "Standard"]

1. Nf3 {[%clk 1:27:11]}  Nf6 {[%clk 1:30:53]} 2. c4 {[%clk 1:26:22]}  b6 {[%clk 1:31:17]} 3. g3 {[%clk 1:25:38]}  Bb7 {[%clk 1:31:42]} 4. Bg2 {[%clk 1:26:02]}  g6 {[%clk 1:32:06]} 5. Nc3 {[%clk 1:24:10]}  Bg7 {[%clk 1:32:27]} 6. d3 {[%clk 1:16:55]}  O-O {[%clk 1:32:06]} 7. O-O {[%clk 1:15:40]}  c5 {[%clk 1:31:35]} 8. Bg5 {[%clk 1:15:12]}  h6 {[%clk 1:31:20]} 9. Bd2 {[%clk 1:15:34]}  Nc6 {[%clk 1:27:13]} 10. Rb1 {[%clk 1:12:04]}  d5 {[%clk 1:14:44]} 11. cxd5 {[%clk 1:05:38]}  Nxd5 {[%clk 1:14:42]} 12. Qc1 {[%clk 1:00:28]}  Nxc3 {[%clk 1:13:29]} 13. Bxc3 {[%clk 1:00:41]}  Nd4 {[%clk 1:04:43]} 14. Nxd4 {[%clk 0:36:49]}  Bxg2 {[%clk 1:05:05]} 15. Ne6 {[%clk 0:37:13]}  fxe6 {[%clk 1:05:12]} 16. Kxg2 {[%clk 0:12:25]}  Qd5+ {[%clk 1:05:35]} 17. f3 {[%clk 0:11:06]}  Qxa2 {[%clk 1:02:45]} 18. Bxg7 {[%clk 0:11:01]}  Kxg7 {[%clk 1:03:09]} 19. Qc3+ {[%clk 0:11:26]}  Kh7 {[%clk 0:54:38]} 20. Ra1 {[%clk 0:11:48]}  Qd5 {[%clk 0:55:00]} 21. Ra6 {[%clk 0:12:12]}  g5 {[%clk 0:46:00]} 22. h3 {[%clk 0:08:47]}  h5 {[%clk 0:44:44]} 23. Ra4 {[%clk 0:06:03]}  Qd6 {[%clk 0:35:22]} 24. Re4 {[%clk 0:05:13]}  Rf5 {[%clk 0:34:49]} 25. Qd2 {[%clk 0:04:49]}  Rg8 {[%clk 0:33:40]} 26. Qe3 {[%clk 0:05:14]}  h4 {[%clk 0:26:48]} 27. Qf2 {[%clk 0:05:05]}  Re5 {[%clk 0:24:50]} 28. Rg4 {[%clk 0:05:03]}  hxg3 {[%clk 0:25:08]} 29. Rxg3 {[%clk 0:05:21]}  Qd4 {[%clk 0:23:58]} 30. Rb1 {[%clk 0:02:56]}  Rf8 {[%clk 0:19:22]} 31. Kf1 {[%clk 0:01:27]}  Rf4 {[%clk 0:16:36]} 32. Qxd4 {[%clk 0:01:19]}  cxd4 {[%clk 0:14:25]} 33. Rc1 {[%clk 0:01:43]}  Kg6 {[%clk 0:13:03]} 34. Ke1 {[%clk 0:00:38]}  Rc5 {[%clk 0:10:36]} 35. Rxc5 {[%clk 0:00:51]}  bxc5 {[%clk 0:11:00]} 36. Kd2 {[%clk 0:00:46]}  e5 {[%clk 0:08:47]} 37. Rg1 {[%clk 0:01:07]}  a6 {[%clk 0:09:11]} 38. Rc1 {[%clk 0:01:21]}  Rf6 {[%clk 0:08:41]} 39. Rxc5 {[%clk 0:01:39]}  Rb6 {[%clk 0:09:03]} 40. Rxe5 {[%clk 0:00:39]}  Kf6 {[%clk 0:09:02]} 41. Re4 {[%clk 0:00:37]}  Rxb2+ {[%clk 0:08:24]} 42. Kc1 {[%clk 0:01:03]}  Rb4 {[%clk 0:08:04]} 43. f4 {[%clk 0:00:53]}  gxf4 {[%clk 0:07:21]} 44. Rxf4+ {[%clk 0:01:18]}  Ke5 {[%clk 0:04:57]} 1/2-1/2

[Event "Classic Open"]
[Site "Estonia Resort Hotel & Spa conference center, Parnu, EE"]
[Date "2025.08.12"]
[Round "2"]
[White "Wuethrich, Lorenz"]
[Black "Kostov, Deyan Samuil"]
[Result "1/2-1/2"]
[Board "7"]
[WhiteFideId "1314327"]
[BlackFideId "30909015"]
[BlackTitle "FM"]
[WhiteElo "2159"]
[BlackElo "2368"]
[WhiteTeam "SUI"]
[BlackTeam "BUL"]
[WhiteClock "0:31:46"]
[BlackClock "0:18:08"]
[Variant "Standard"]

1. d4 {[%clk 1:29:21]}  d5 {[%clk 1:30:46]} 2. c4 {[%clk 1:29:31]}  dxc4 {[%clk 1:31:05]} 3. e3 {[%clk 1:29:47]}  Nf6 {[%clk 1:30:21]} 4. Bxc4 {[%clk 1:29:03]}  e6 {[%clk 1:30:37]} 5. Nf3 {[%clk 1:29:12]}  a6 {[%clk 1:30:46]} 6. O-O {[%clk 1:28:27]}  c5 {[%clk 1:30:56]} 7. b3 {[%clk 1:28:22]}  b6 {[%clk 1:27:43]} 8. dxc5 {[%clk 1:25:28]}  Qxd1 {[%clk 1:24:45]} 9. Rxd1 {[%clk 1:25:53]}  Bxc5 {[%clk 1:25:11]} 10. Bb2 {[%clk 1:22:21]}  Nbd7 {[%clk 1:24:37]} 11. Nbd2 {[%clk 1:17:49]}  Bb7 {[%clk 1:22:57]} 12. Be2 {[%clk 1:15:09]}  O-O {[%clk 1:13:46]} 13. Nc4 {[%clk 1:11:07]}  b5 {[%clk 1:04:44]} 14. Nce5 {[%clk 1:10:39]}  Nxe5 {[%clk 0:57:33]} 15. Nxe5 {[%clk 1:09:41]}  Bd5 {[%clk 0:49:09]} 16. Rac1 {[%clk 1:04:22]}  Rfc8 {[%clk 0:48:46]} 17. Nd3 {[%clk 0:59:43]}  Bf8 {[%clk 0:45:06]} 18. f3 {[%clk 0:58:09]}  Bb7 {[%clk 0:42:27]} 19. e4 {[%clk 0:56:54]}  Nd7 {[%clk 0:42:31]} 20. Rxc8 {[%clk 0:46:37]}  Rxc8 {[%clk 0:42:53]} 21. Rc1 {[%clk 0:46:59]}  Rxc1+ {[%clk 0:38:15]} 22. Bxc1 {[%clk 0:47:20]}  f6 {[%clk 0:38:40]} 23. Be3 {[%clk 0:46:17]}  Kf7 {[%clk 0:38:50]} 24. Kf2 {[%clk 0:43:42]}  Bd6 {[%clk 0:38:47]} 25. g3 {[%clk 0:42:02]}  g5 {[%clk 0:37:56]} 26. Bd4 {[%clk 0:38:16]}  e5 {[%clk 0:32:08]} 27. Ba7 {[%clk 0:38:18]}  Ke7 {[%clk 0:28:17]} 28. Ke3 {[%clk 0:36:54]}  h6 {[%clk 0:25:08]} 29. b4 {[%clk 0:34:12]}  Kd8 {[%clk 0:22:56]} 30. a3 {[%clk 0:33:25]}  Kc7 {[%clk 0:22:51]} 31. g4 {[%clk 0:31:37]}  Bc8 {[%clk 0:22:21]} 32. Kd2 {[%clk 0:31:46]}  Nf8 {[%clk 0:18:08]} 1/2-1/2